Historia de la filosofía : siglo XIX : Kant, idealismo y espiritualismo /

Сохранить в:
Библиографические подробности
Главный автор: Urdanoz, Teófilo (autor)
Формат:
Язык:испанский
Опубликовано: Madrid, España : Biblioteca de Autores Cristianos, 1991, 1991
Метки: Добавить метку
Нет меток, Требуется 1-ая метка записи!

MARC

LEADER 00000nam^a2200000^a^4500
001 000613854
005 20250521000000.0
009 20260310133630.686
020 |a 84-7914-025-9 
037 |a Acervo Xavier Clavigero 
041 |a ESP 
091 |a FDU. 01277 
100 |a Urdanoz, Teófilo  |e (autor) 
245 1 0 |a Historia de la filosofía :  |b siglo XIX : Kant, idealismo y espiritualismo / 
264 4 |a Madrid, España :  |b Biblioteca de Autores Cristianos,  |c 1991, 1991 
300 |a XIX, 670 p. 
336 |a texto  |b txt  |2 rdacontenido 
337 |a sin mediación  |b n  |2 rdamedio 
338 |a volumen  |b nc  |2 rdasoporte 
649 |a XX 
910 |a Fondo Víctor Raúl Durana Valerio S.J. 
920 |a Impresos - Libros 
930 |a Fondos Especiales 
905 |a 116 
901 |a 613854-10  |b IT2  |c ESP  |i D5281  |u 20250521 
902 |a https://opac.biblio.iteso.mx/vufind/Record/000613854